Statistics for Most Expensive Footballers by League

Click here to take the quiz!

General Stats

  • This quiz has been taken 86 times
  • The average score is 34 of 57

Answer Stats

ClubNationalityValue in €Footballer% Correct
1FC Barcelona
180 mLionel Messi
96%
1Paris-Saint-Germain
180 mNeymar
94%
2Juventus
100 mCristiano Ronaldo
90%
1FC Bayern München
80 mRobert Lewandowski
87%
1Paris-Saint-Germain
180 mKylian Mbappé
85%
1Liverpool F.C.
150 mMohamed Salah
82%
1Tottenham Hotspur
150 mHarry Kane
81%
1Manchester City
150 mKevin de Bruyne
81%
2Atlético de Madrid
120 mAntoine Griezmann
80%
1FC Bayern München
80 mJames Rodríguez
76%
1Chelsea
150 mEden Hazard
73%
10Tottenham Hotspur
80 mChristian Eriksen
71%
5Paris-Saint-Germain
60 mEdinson Cavani
71%
5Manchester United
100 mRomelu Lukaku
71%
7Manchester United
90 mPaul Pogba
70%
8FC Bayern München
50 mThomas Müller
70%
1Juventus
110 mPaulo Dybala
68%
5Real Madrid
80 mToni Kroos
68%
8FC Bayern München
50 mDavid Alaba
67%
10Manchester City
80 mSergio Agüero
67%
4Real Madrid
90 mGareth Bale
66%
10Liverpool F.C.
80 mRoberto Firmino
66%
3FC Bayern München
60 mThiago
66%
3RB Leipzig
60 mTimo Werner
65%
10Manchester City
80 mGabriel Jesus
63%
5FC Bayern München
55 mJoshua Kimmich
62%
7Manchester City
90 mLeroy Sané
62%
7Manchester City
90 mRaheem Sterling
62%
3Paris-Saint-Germain
70 mMarco Verratti
61%
10Chelsea
80 mN'Golo Kanté
59%
9Paris-Saint-Germain
45 mAngel di María
58%
5Tottenham Hotspur
100 mDele Alli
58%
8FC Bayern München
50 mKingsley Coman
58%
5FC Barcelona
80 mOusmane Dembélé
58%
2FC Barcelona
120 mPhilippe Coutinho
58%
5Juventus
70 mMiralem Pjanić
57%
5Real Madrid
80 mRaphaël Varane
56%
8A.C. Milan
55 mGonzalo Higuaín
53%
6SSC Napoli
65 mLorenzo Insigne
53%
4Lazio
90 mSergej Milinkovic-Savić
52%
7SSC Napoli
60 mKalidou Koulibaly
51%
5FC Bayern München
55 mMats Hummels
49%
3Internazionale
95 mMauro Icardi
49%
10Lazio
50 mCiro Immobile
48%
9Olympique Lyonnais
45 mMemphis Depay
48%
6Paris-Saint-Germain
55 mMarquinhos
46%
5FC Barcelona
80 mSergio Busquets
42%
8Juventus
55 mDouglas Costa
41%
9Real Madrid
75 mIsco
41%
9Real Madrid
75 mMarco Asensio
38%
10Internazionale
50 mMilan Škriniar
34%
4Olympique Lyonnais
65 mNabil Fekir
32%
5Bayer 04 Leverkusen
55 mKai Havertz
29%
7Paris-Saint-Germain
50 mAdrien Rabiot
28%
7Olympique de Marseille
50 mFlorian Thauvin
28%
10Fiorentina
50 mFederico Chiesa
24%
8FC Bayern München
50 mNiklas Süle
24%

Score Distribution

Percentile by Number Answered

Percent of People with Each Score

Your Score History

You have not taken this quiz